000 00202 a2200097 4500
001 29055
100 _aHays, W.L
245 _aStatistics probability
260 _a
_bRinehart
_c
090 _c19406
_d19406
942 _aNUST-CAE
_cM
_c10454
999 _c264128
_d264128